000 00816nam a22002417a 4500
001 97888
003 UA-OsUOA
005 20200602152128.0
007 ta
008 20130408b un ||||| |||| 00| 0 ukr d
040 _aUA-OsUOA
_bukr
_cUA-OsUOA
_dUA-OsUOA
041 _aukr
080 _a821.161.2
090 _a821.161.2
_bП18
100 _aПарандовський Я.
245 _aНебо пломеніє
_bроман
_cЯн Парандовський ; перекл. Б. Гавришківа
260 _aЛьвів
_bКаменяр
_c1978
300 _a252 с.
650 7 _a82 Література. Літературознавство
_2UDC
942 _cBK
_2udc
955 _a3
999 _c384129
_d384129